| 000 | 00943pam a2200253 a 4500 | ||
|---|---|---|---|
| 999 |
_c2973 _d2973 |
||
| 001 | 3448526 | ||
| 003 | GBCCL | ||
| 005 | 20241126110444.0 | ||
| 008 | 920205s1992 miu 000 0aeng | ||
| 010 | _a 92006246 | ||
| 020 |
_a0929239628 : _c$9.95 |
||
| 040 |
_aDLC _cDLC _dDLC |
||
| 050 | 0 | 0 |
_aBR1725.Y63 _bA3 1992 |
| 082 | 0 | 0 |
_a248.4092 _aB _220 _bYOD |
| 100 | 1 |
_aYoder, Joanie, _d1934- _96201 |
|
| 245 | 1 | 0 |
_aFinding the God-dependent life : _ba personal story of a life transformed by the secret of God-dependence over co-dependence / _cJoanie Yoder. |
| 260 |
_aGrand Rapids, Mich. : _bDiscovery House, _cc1992. |
||
| 300 |
_a176 p. ; _c21 cm. |
||
| 600 | 1 | 0 |
_aYoder, Joanie, _d1934- _96201 |
| 650 | 0 |
_aChristian biography. _91119 |
|
| 906 |
_a7 _bcbc _corignew _d1 _eocip _f19 _gy-gencatlg |
||
| 942 |
_2ddc _cBK |
||